000 00708nam a2200217 4500
001 137077
003 ES-MaACL
005 20260303141310.0
007 t|
008 070214s1981 sp r ||||1| spa d
100 1 _aSalvador, Carles.
_9102067
245 1 0 _aPoesía /
_cCarles Salvador ; edició i práoleg de Ricard Blasco.
260 _aValencia :
_bInstitució Alfons el Magnáanim,
_c1981.
300 _a339 p. ;
_c19 cm.
490 1 _aBiblioteca d'autors valencians ;
_v3
700 1 _aBlasco, Ricard.
_929374
710 2 _aInstitució Alfons el Magnànim
_9173001
830 0 _aBiblioteca d'autors valencians ;
_v3
_9187066
852 _aES-MaACL
_jL-1722
_bR.102434
999 _c137077
_d137077